000 01123cam a2200277 4500
001 J3188
008 090401t1995 xxu||||| |||| 00| 0 eng d
035 _a(Sirsi) u53607
041 _aeng
050 _a333.730973
100 _aDixon, Timothy J.
245 _aLessons from America: appraisal and lender liability issues in contaminated real estate.
260 _aReading
_bCollege of Estate Management
_c1995
300 _aix,82p. ; 30cm.
350 _a35
520 _aA research study sponsored by the Jones Lang Wootton Education Trust, which aims to study appraisers and lenders in the USA to determine whether those in similar fields in England and Wales can learn from their experiences. The report compares relevant statutory frameworks, examines appraisal theory and practice and investigates the issue of lender liability.
650 _aCONTAMINATED LAND
650 _aJONES LANG WOOTTON EDUCATION TRUST
650 _aLENDER LIABILITY
650 _aLENDERS
650 _aUNITED STATES
650 _aValuation
_96273
690 _aPROPERTY LAW AND PRACTICE
942 _n0
948 _c04/03/1997
999 _c93306
_d93306